[Event "19. Open de Sants Hostafrancs 2017"]
[Site "Barcelona ESP"]
[Date "2017.08.18"]
[Round "1.26"]
[White "Rios, Cristhian Camilo"]
[Black "Darnell, Anton"]
[Result "1-0"]
[WhiteElo "2475"]
[BlackElo "2089"]
[PlyCount "69"]
[EventDate "2017.08.18"]
[EventType "swiss"]
[EventRounds "10"]
[EventCountry "ESP"]
[SourceTitle "Ajedrez en Madrid"]
[Source "lmi"]
[SourceDate "2017.08.18"]

1. d4 Nf6 2. c4 g6 3. Nc3 d5 4. Nf3 Bg7 5. Qb3 dxc4 6. Qxc4 O-O 7. e4 a6 8. e5
b5 9. Qb3 Nfd7 10. e6 fxe6 11. Be3 Nf6 12. a4 b4 13. Qxb4 Nc6 14. Qa3 Rb8 15.
Bc4 Qd6 16. O-O Nb4 17. Qb3 Nfd5 18. Ne4 Qc6 19. Nfd2 Kh8 20. Rac1 e5 21. dxe5
Nxe3 22. fxe3 Bf5 23. Ng5 h6 24. Nf7+ Kh7 25. e4 Bxe4 26. Nxe4 Qxe4 27. Kh1 Nc6
28. Qh3 Qd4 29. Ng5+ Kh8 30. Ne6 Rxf1+ 31. Bxf1 Qf2 32. Qc3 Nd8 33. Qxc7 Qxb2
34. Nxd8 Bxe5 35. Qxe5+ 1-0

[Event "19. Open de Sants Hostafrancs 2017"]
[Site "Barcelona ESP"]
[Date "2017.08.18"]
[Round "1.27"]
[White "Jove Grau, Lluis"]
[Black "Christiansen, Johan-sebastian"]
[Result "0-1"]
[WhiteElo "2082"]
[BlackElo "2475"]
[PlyCount "76"]
[EventDate "2017.08.18"]
[EventType "swiss"]
[EventRounds "10"]
[EventCountry "ESP"]
[SourceTitle "Ajedrez en Madrid"]
[Source "lmi"]
[SourceDate "2017.08.18"]

1. d4 Nf6 2. Nf3 d5 3. e3 e6 4. Bd3 b6 5. O-O Bb7 6. Nbd2 g6 7. Qe2 Ne4 8. c4
Bg7 9. Ne5 O-O 10. b3 c5 11. Bb2 Nxd2 12. Qxd2 dxc4 13. bxc4 cxd4 14. exd4 Nc6
15. Qe3 Qc7 16. f4 Rfd8 17. Rad1 Rac8 18. Rf2 Ba6 19. Nxc6 Qxc6 20. d5 exd5 21.
Bxg7 Kxg7 22. f5 dxc4 23. f6+ Kh8 24. Qh6 Rg8 25. Bc2 Qc5 26. Re1 Qf8 27. Qh4
c3 28. Re7 Rc4 29. Qg3 Qh6 30. Rfe2 Rf4 31. Re1 Rxf6 32. Qxc3 Qg7 33. Qc7 Rf8
34. Qxa7 Rf1+ 35. Rxf1 Qd4+ 36. Kh1 Bxf1 37. Rxf7 Bxg2+ 38. Kxg2 Qd5+ 0-1

[Event "19. Open de Sants Hostafrancs 2017"]
[Site "Barcelona ESP"]
[Date "2017.08.18"]
[Round "1.28"]
[White "Brunner, Nicolas"]
[Black "Zoldan, Matteo"]
[Result "1-0"]
[WhiteElo "2472"]
[BlackElo "2082"]
[PlyCount "49"]
[EventDate "2017.08.18"]
[EventType "swiss"]
[EventRounds "10"]
[EventCountry "ESP"]
[SourceTitle "Ajedrez en Madrid"]
[Source "lmi"]
[SourceDate "2017.08.18"]

1. d4 Nf6 2. c4 g6 3. Nc3 Bg7 4. e4 d6 5. Nf3 O-O 6. Be2 e5 7. O-O Na6 8. Be3
Ng4 9. Bg5 Qe8 10. Re1 h6 11. Bh4 c6 12. dxe5 dxe5 13. h3 Nf6 14. Qd6 Qe6 15.
c5 Qxd6 16. cxd6 Nc5 17. Rad1 Be6 18. Nxe5 g5 19. Bg3 Nfxe4 20. Nxe4 Nxe4 21.
Bc4 Bxc4 22. Nxc4 Nxg3 23. fxg3 Bf6 24. d7 Kg7 25. Nd6 1-0

[Event "19. Open de Sants Hostafrancs 2017"]
[Site "Barcelona ESP"]
[Date "2017.08.18"]
[Round "1.29"]
[White "Martinez Fernandez, Adrian"]
[Black "Ramesh, R B."]
[Result "1/2-1/2"]
[WhiteElo "2081"]
[BlackElo "2470"]
[PlyCount "90"]
[EventDate "2017.08.18"]
[EventType "swiss"]
[EventRounds "10"]
[EventCountry "ESP"]
[SourceTitle "Ajedrez en Madrid"]
[Source "lmi"]
[SourceDate "2017.08.18"]

1. e4 e5 2. Nf3 Nc6 3. Nc3 Nf6 4. d4 exd4 5. Nxd4 Bb4 6. Nxc6 bxc6 7. Bd3 d5 8.
exd5 cxd5 9. O-O O-O 10. h3 c6 11. Qf3 Bd6 12. Bf4 Rb8 13. b3 Rb4 14. Ne2 Bxf4
15. Nxf4 Qd6 16. Ne2 Re8 17. c3 Rb7 18. Ng3 Rbe7 19. Bf5 Bb7 20. Qd1 g6 21. Bd3
Re5 22. Qd2 Qe7 23. Rfd1 c5 24. Bb5 Rd8 25. Re1 d4 26. Bc4 Re8 27. Rxe5 Qxe5
28. cxd4 cxd4 29. Rd1 Rd8 30. Qb4 Rd7 31. Bb5 Rd6 32. Bc4 Rd7 33. Bb5 Qd5 34.
f3 Rd6 35. Bc4 Qc6 36. Ne2 Qd7 37. Bb5 Qc7 38. Rxd4 Nd5 39. Qd2 Qb6 40. Bc4 Ne7
41. Kh2 Nf5 42. Rxd6 Nxd6 43. Bd5 Bxd5 44. Qxd5 Nf5 45. Qe5 Qf2 1/2-1/2

[Event "19. Open de Sants Hostafrancs 2017"]
[Site "Barcelona ESP"]
[Date "2017.08.18"]
[Round "1.30"]
[White "Gonzalez Acosta, Bernal"]
[Black "Ruperez, Miguel"]
[Result "1-0"]
[WhiteElo "2467"]
[BlackElo "2081"]
[PlyCount "147"]
[EventDate "2017.08.18"]
[EventType "swiss"]
[EventRounds "10"]
[EventCountry "ESP"]
[SourceTitle "Ajedrez en Madrid"]
[Source "lmi"]
[SourceDate "2017.08.18"]

1. d4 Nf6 2. c4 e6 3. g3 Bb4+ 4. Bd2 c5 5. Bxb4 cxb4 6. Bg2 O-O 7. e3 d6 8. Ne2
a5 9. a3 Na6 10. O-O Qc7 11. axb4 axb4 12. Nd2 e5 13. h3 Re8 14. Qa4 Bf5 15.
Qb5 Rab8 16. Rfe1 h5 17. Qa5 Qc8 18. Kh2 Bd3 19. Qb6 Re6 20. Nc1 d5 21. Qa5
Bxc4 22. dxe5 Nd7 23. b3 b6 24. Qa2 Bb5 25. f4 h4 26. g4 Rc6 27. Qb1 Rc3 28.
Nf3 Qc5 29. Nd4 Rxe3 30. Rxe3 Qxd4 31. Rf3 Rc8 32. Qa2 Nxe5 33. fxe5 Qxe5+ 34.
Kg1 Qe1+ 35. Bf1 Rxc1 36. Rxc1 Qxc1 37. Qf2 Bxf1 38. Qxf1 Qc5+ 39. Kh1 Qc8 40.
Rxf7 Nc5 41. Rf3 Ne4 42. Qd1 Qc5 43. Kg2 d4 44. Qd3 Ng3 45. Qc4+ Kh7 46. Rd3
Ne2 47. Qf7 Qc2 48. Qh5+ Kg8 49. Qe8+ Kh7 50. Qh5+ Kg8 51. Qe8+ Kh7 52. Qe4+ g6
53. Kf3 Ng1+ 54. Kf4 Qc1+ 55. Ke5 Qc7+ 56. Kf6 Qg7+ 57. Ke6 Qg8+ 58. Kd7 Qb8
59. Qe7+ Kh6 60. Qxh4+ Kg7 61. Qe7+ Kh6 62. Qd6 Qb7+ 63. Kd8 Qa8+ 64. Kc7 Ne2
65. g5+ Kh5 66. Qc6 Qa7+ 67. Qb7 Qa2 68. Qf3+ Kxg5 69. Kb7 Qc2 70. Qe4 Kh6 71.
h4 Qa2 72. Qe5 Kh7 73. Rf3 Kg8 74. Qe8+ 1-0

[Event "19. Open de Sants Hostafrancs 2017"]
[Site "Barcelona ESP"]
[Date "2017.08.18"]
[Round "1.31"]
[White "Mundet Riera, Jaume"]
[Black "Neef, Maximilian"]
[Result "0-1"]
[WhiteElo "2078"]
[BlackElo "2451"]
[PlyCount "86"]
[EventDate "2017.08.18"]
[EventType "swiss"]
[EventRounds "10"]
[EventCountry "ESP"]
[SourceTitle "Ajedrez en Madrid"]
[Source "lmi"]
[SourceDate "2017.08.18"]

1. Nf3 Nf6 2. g3 g6 3. Bg2 Bg7 4. c4 O-O 5. O-O d6 6. d4 Nc6 7. Nc3 a6 8. h3
Bd7 9. Re1 Re8 10. e4 e5 11. d5 Nd4 12. Be3 Nxf3+ 13. Qxf3 Qc8 14. g4 h5 15. g5
Nh7 16. Qg3 Qd8 17. Kh1 f6 18. gxf6 Qxf6 19. Rg1 Rf8 20. Bf1 Be8 21. Be2 Kh8
22. Rg2 Rg8 23. Rag1 Bf7 24. f4 Raf8 25. Rf2 Qe7 26. fxe5 Bxe5 27. Bf4 Bxf4 28.
Rxf4 g5 29. Rf2 Bg6 30. Bf3 Rf4 31. Bg2 Rxf2 32. Qxf2 Qe5 33. Rf1 Rf8 34. Qe3
Rxf1+ 35. Bxf1 Nf6 36. Bg2 Kg7 37. Kg1 b6 38. b4 h4 39. c5 g4 40. cxb6 cxb6 41.
hxg4 Nxg4 42. Qxb6 Qxc3 43. Qxd6 Qe3+ 0-1

[Event "19. Open de Sants Hostafrancs 2017"]
[Site "Barcelona ESP"]
[Date "2017.08.18"]
[Round "1.33"]
[White "Fuochi, Tommaso"]
[Black "Goh, Wei Ming Kevin"]
[Result "0-1"]
[WhiteElo "2074"]
[BlackElo "2446"]
[PlyCount "82"]
[EventDate "2017.08.18"]
[EventType "swiss"]
[EventRounds "10"]
[EventCountry "ESP"]
[SourceTitle "Ajedrez en Madrid"]
[Source "lmi"]
[SourceDate "2017.08.18"]

1. d4 Nf6 2. c4 e6 3. Nf3 c5 4. g3 cxd4 5. Nxd4 d5 6. Bg2 e5 7. Nc2 d4 8. O-O
Nc6 9. b3 Bf5 10. Ba3 Bd6 11. Bxd6 Qxd6 12. Nd2 O-O 13. Nf3 h6 14. Qc1 Rad8 15.
Na3 e4 16. Nd2 Qe7 17. Nc2 e3 18. fxe3 Bxc2 19. Qxc2 d3 20. exd3 Qxe3+ 21. Kh1
Nb4 22. Qc1 Nxd3 23. Rf3 Qxf3 24. Nxf3 Nxc1 25. Rxc1 Rfe8 26. Nh4 b6 27. b4 Ng4
28. a3 Ne3 29. Bf3 g5 30. Ng2 g4 31. Bc6 Re6 32. Nxe3 Rxe3 33. Bd5 Rxa3 34. Rf1
Rd7 35. Rf4 h5 36. Rf5 Re7 37. Rf2 Rc3 38. Kg2 Kg7 39. h3 Kg6 40. hxg4 hxg4 41.
Rf4 f5 0-1

[Event "19. Open de Sants Hostafrancs 2017"]
[Site "Barcelona ESP"]
[Date "2017.08.18"]
[Round "1.34"]
[White "Sturt, Raven M"]
[Black "Rivalin, Kenny"]
[Result "1-0"]
[WhiteElo "2444"]
[BlackElo "2074"]
[PlyCount "61"]
[EventDate "2017.08.18"]
[EventType "swiss"]
[EventRounds "10"]
[EventCountry "ESP"]
[SourceTitle "Ajedrez en Madrid"]
[Source "lmi"]
[SourceDate "2017.08.18"]

1. Nf3 Nf6 2. d4 e6 3. c4 c5 4. d5 exd5 5. cxd5 d6 6. Nc3 g6 7. Bf4 a6 8. a4
Bg7 9. h3 O-O 10. e3 Ne8 11. Be2 Nd7 12. O-O Qe7 13. Bh2 Ne5 14. Nd2 f5 15. Qb3
g5 16. f4 Ng6 17. Nc4 gxf4 18. Bxf4 Nxf4 19. Rxf4 Nc7 20. a5 Kh8 21. Rf3 Rb8
22. Raf1 Bd7 23. Nb6 Be8 24. Kh1 Bh6 25. Nc4 Bg6 26. Qb6 Ne8 27. Bd3 Ng7 28.
Qxd6 Qg5 29. Ne5 Nh5 30. g4 Rfd8 31. Qxg6 1-0

[Event "19. Open de Sants Hostafrancs 2017"]
[Site "Barcelona ESP"]
[Date "2017.08.18"]
[Round "1.35"]
[White "Lobersli, Henrik Oie"]
[Black "Collins, Sam E"]
[Result "0-1"]
[WhiteElo "2072"]
[BlackElo "2443"]
[PlyCount "92"]
[EventDate "2017.08.18"]
[EventType "swiss"]
[EventRounds "10"]
[EventCountry "ESP"]
[SourceTitle "Ajedrez en Madrid"]
[Source "lmi"]
[SourceDate "2017.08.18"]

1. e4 e5 2. Nf3 Nc6 3. Bb5 a6 4. Ba4 Nf6 5. O-O Be7 6. Re1 b5 7. Bb3 d6 8. c3
O-O 9. h3 Na5 10. Bc2 c5 11. d4 Qc7 12. Nbd2 Nc6 13. d5 Nd8 14. Nf1 Ne8 15.
N3h2 f6 16. f4 exf4 17. Bxf4 Nf7 18. Nf3 Ne5 19. Ng3 g6 20. b3 Bd7 21. Kh1 Ng7
22. Rf1 Rf7 23. Qd2 Raf8 24. Nxe5 dxe5 25. Bh6 Bd6 26. c4 Qc8 27. Rae1 b4 28.
Qe2 a5 29. Bb1 Kh8 30. Bc2 Rg8 31. Rf3 Ne8 32. Bc1 h5 33. Qf1 h4 34. Ne2 g5 35.
g4 hxg3 36. Rxg3 Rh7 37. Ng1 Rg6 38. Re2 Ng7 39. Rh2 Nh5 40. Rd3 Nf4 41. Bxf4
gxf4 42. Rf3 Rgh6 43. Bd3 Rg7 44. Qf2 Qf8 45. Bc2 Rgh7 46. Bd3 Rh5 0-1

[Event "19. Open de Sants Hostafrancs 2017"]
[Site "Barcelona ESP"]
[Date "2017.08.18"]
[Round "1.36"]
[White "Trent, Lawrence"]
[Black "Arus Blanch, Daniel"]
[Result "1-0"]
[WhiteElo "2439"]
[BlackElo "2070"]
[PlyCount "91"]
[EventDate "2017.08.18"]
[EventType "swiss"]
[EventRounds "10"]
[EventCountry "ESP"]
[SourceTitle "Ajedrez en Madrid"]
[Source "lmi"]
[SourceDate "2017.08.18"]

1. d4 Nf6 2. Bg5 d5 3. Nd2 Bf5 4. Bxf6 exf6 5. e3 Bd6 6. g3 O-O 7. Bg2 c6 8.
Ne2 Qd7 9. O-O Bh3 10. Bxh3 Qxh3 11. c4 dxc4 12. Nxc4 Qd7 13. Nc3 Na6 14. Rc1
Rfd8 15. Qf3 Bb4 16. Ne4 Qd5 17. a3 f5 18. Ng5 Be7 19. Qh5 Bxg5 20. Qxg5 f6 21.
Qh5 f4 22. Qxd5+ cxd5 23. Na5 fxe3 24. fxe3 Rd7 25. Rc3 Re8 26. Rfc1 Kf7 27.
Kf2 Ke6 28. b4 Red8 29. Kf3 Nb8 30. b5 b6 31. Nb3 Kd6 32. a4 Re7 33. a5 Rb7 34.
a6 Rbd7 35. Na1 f5 36. Nc2 g6 37. Nb4 g5 38. Nd3 Re7 39. Ne5 Ke6 40. Rc8 Ree8
41. Rxd8 Rxd8 42. Rc7 Nd7 43. Nc6 Ra8 44. Nxa7 Kd6 45. Rc6+ Ke7 46. Nc8+ 1-0

[Event "19. Open de Sants Hostafrancs 2017"]
[Site "Barcelona ESP"]
[Date "2017.08.18"]
[Round "1.37"]
[White "Schelvis, Richard"]
[Black "Diaz Camallonga, Carles"]
[Result "0-1"]
[WhiteElo "2069"]
[BlackElo "2437"]
[PlyCount "130"]
[EventDate "2017.08.18"]
[EventType "swiss"]
[EventRounds "10"]
[EventCountry "ESP"]
[SourceTitle "Ajedrez en Madrid"]
[Source "lmi"]
[SourceDate "2017.08.18"]

1. d4 e6 2. c4 Nf6 3. Nf3 Bb4+ 4. Bd2 a5 5. g3 d6 6. Bg2 Nbd7 7. O-O e5 8. Nc3
O-O 9. Qc2 Re8 10. e3 e4 11. Ng5 Bxc3 12. Bxc3 Qe7 13. Nh3 Nf8 14. Nf4 Bf5 15.
b4 axb4 16. Bxb4 c6 17. Rfb1 Ng6 18. Nxg6 hxg6 19. Qb2 Qe6 20. Qb3 Bh3 21. d5
cxd5 22. cxd5 Qf5 23. Bxd6 Bxg2 24. Kxg2 Rad8 25. Bc5 Rxd5 26. Bd4 Qf3+ 27. Kg1
Ng4 28. Rb2 Rf5 29. Qd1 Nxh2 30. Qxf3 Nxf3+ 31. Kf1 b5 32. a4 bxa4 33. Rxa4 Rc8
34. Ra1 Rc4 35. Ke2 Rc8 36. Rba2 Rb5 37. Rd1 Rb4 38. Ba1 Rbc4 39. Bd4 Rc2+ 40.
Rxc2 Rxc2+ 41. Kf1 g5 42. Kg2 g4 43. Kf1 f6 44. Kg2 Kf7 45. Kf1 Ke6 46. Kg2 g6
47. Kf1 f5 48. Bb6 Ne5 49. Kg2 Nd3 50. Rf1 Ra2 51. Bd4 Kd5 52. Bc3 Kc4 53. Bd4
Kb3 54. Bf6 Kc2 55. Bd4 Kd2 56. Bb6 Ke2 57. Bd4 Rc2 58. Ra1 Nxf2 59. Ra6 Nh3
60. Rxg6 Ke1+ 61. Kh1 Kf1 62. Ra6 Kf2 63. Kh2 Kf3+ 64. Kh1 Rg2 65. Ra5 Nf2# 0-1

[Event "19. Open de Sants Hostafrancs 2017"]
[Site "Barcelona ESP"]
[Date "2017.08.18"]
[Round "1.38"]
[White "Rizouk, Aimen"]
[Black "Erlandsen, Carsten"]
[Result "1-0"]
[WhiteElo "2433"]
[BlackElo "2064"]
[PlyCount "101"]
[EventDate "2017.08.18"]
[EventType "swiss"]
[EventRounds "10"]
[EventCountry "ESP"]
[SourceTitle "Ajedrez en Madrid"]
[Source "lmi"]
[SourceDate "2017.08.18"]

1. e4 c5 2. Nf3 d6 3. d4 cxd4 4. Nxd4 Nf6 5. Nc3 a6 6. Be3 e5 7. Nb3 Be6 8. Qd2
Nbd7 9. f3 h5 10. O-O-O b5 11. Kb1 Be7 12. Nd5 Bxd5 13. exd5 Nb6 14. Bxb6 Qxb6
15. Na5 Rc8 16. Nc6 Nxd5 17. Nxe7 Nxe7 18. Qxd6 Qxd6 19. Rxd6 Rc6 20. Rxc6 Nxc6
21. a4 Na7 22. axb5 axb5 23. Bd3 Ke7 24. b3 Rb8 25. Kb2 Nc8 26. Re1 Kf6 27. f4
exf4 28. Re8 g5 29. Be4 g4 30. Kc3 b4+ 31. Kd3 Kg5 32. Bc6 f5 33. Rg8+ Kf6 34.
Bd7 Rb6 35. Bxc8 Rd6+ 36. Ke2 Rc6 37. Kd2 f3 38. gxf3 gxf3 39. Rf8+ Ke7 40.
Rxf5 Rxc8 41. Rxf3 Ke6 42. Rf4 Rd8+ 43. Ke3 Rc8 44. Rc4 Rb8 45. Rc5 h4 46. Rc4
h3 47. Rh4 Rc8 48. Kd2 Rc3 49. Rxb4 Rf3 50. Ke2 Rc3 51. Rc4 1-0

[Event "19. Open de Sants Hostafrancs 2017"]
[Site "Barcelona ESP"]
[Date "2017.08.18"]
[Round "1.40"]
[White "Cruz, Jonathan"]
[Black "Hess, Stefan"]
[Result "1-0"]
[WhiteElo "2424"]
[BlackElo "2059"]
[PlyCount "47"]
[EventDate "2017.08.18"]
[EventType "swiss"]
[EventRounds "10"]
[EventCountry "ESP"]
[SourceTitle "Ajedrez en Madrid"]
[Source "lmi"]
[SourceDate "2017.08.18"]

1. e4 e6 2. d4 d5 3. Nd2 Nf6 4. Bd3 c5 5. e5 Nfd7 6. c3 Nc6 7. Ne2 cxd4 8. cxd4
f6 9. exf6 Nxf6 10. O-O Bd6 11. Nf3 O-O 12. Bg5 Bd7 13. Bh4 Qc7 14. Nc3 a6 15.
Re1 Rae8 16. Rc1 Nb4 17. Nxd5 Qxc1 18. Nxf6+ gxf6 19. Bxh7+ Kxh7 20. Qxc1 Kg7
21. Ne5 Rc8 22. Bxf6+ Kxf6 23. Qh6+ Ke7 24. Qg7+ 1-0

[Event "19. Open de Sants Hostafrancs 2017"]
[Site "Barcelona ESP"]
[Date "2017.08.18"]
[Round "1.42"]
[White "Sundararajan, Kidambi"]
[Black "Campins Machado, Francesc"]
[Result "1-0"]
[WhiteElo "2422"]
[BlackElo "2056"]
[PlyCount "37"]
[EventDate "2017.08.18"]
[EventType "swiss"]
[EventRounds "10"]
[EventCountry "ESP"]
[SourceTitle "Ajedrez en Madrid"]
[Source "lmi"]
[SourceDate "2017.08.18"]

1. d4 Nf6 2. Nf3 e6 3. e3 c5 4. Bd3 Nc6 5. O-O d5 6. c3 Bd6 7. Nbd2 O-O 8. dxc5
Bxc5 9. b4 Bd6 10. Bb2 e5 11. e4 dxe4 12. Nxe4 Nxe4 13. Bxe4 f5 14. Bd5+ Kh8
15. b5 Ne7 16. c4 e4 17. Qd4 Rf6 18. Qxf6 gxf6 19. Bxf6# 1-0

[Event "19. Open de Sants Hostafrancs 2017"]
[Site "Barcelona ESP"]
[Date "2017.08.18"]
[Round "1.43"]
[White "Chan, James"]
[Black "Lorenzo De La Riva, Lazaro"]
[Result "0-1"]
[WhiteElo "2054"]
[BlackElo "2415"]
[PlyCount "81"]
[EventDate "2017.08.18"]
[EventType "swiss"]
[EventRounds "10"]
[EventCountry "ESP"]
[SourceTitle "Ajedrez en Madrid"]
[Source "lmi"]
[SourceDate "2017.08.18"]

1. e4 c5 2. Nf3 d6 3. d4 cxd4 4. Nxd4 Nf6 5. Nc3 a6 6. Bg5 Nbd7 7. Bc4 h6 8.
Be3 g6 9. Qe2 b5 10. Bd5 Nxd5 11. exd5 Bb7 12. O-O Bg7 13. a4 b4 14. Ne4 O-O
15. c4 bxc3 16. Nxc3 Rc8 17. Rad1 Qa5 18. Kh1 Nf6 19. Qd2 Kh7 20. Nde2 Rfe8 21.
f4 e6 22. dxe6 Rxe6 23. f5 Re7 24. fxg6+ fxg6 25. Bg1 Rce8 26. Nf4 Qg5 27. Nfd5
Qxd2 28. Nxf6+ Bxf6 29. Rxd2 Be5 30. Bd4 Kg7 31. Bxe5+ dxe5 32. Kg1 e4 33. Re2
Rd8 34. Rfe1 Rd4 35. Rd1 Red7 36. Rc1 Rc4 37. Kf2 Kf6 38. Ke1 Ke5 39. Re3 Rb4
40. Rg3 g5 41. Nd1 0-1

[Event "19. Open de Sants Hostafrancs 2017"]
[Site "Barcelona ESP"]
[Date "2017.08.18"]
[Round "1.44"]
[White "Valdes Romero, Leonardo"]
[Black "Dionigi, Riccardo"]
[Result "1-0"]
[WhiteElo "2415"]
[BlackElo "2054"]
[PlyCount "87"]
[EventDate "2017.08.18"]
[EventType "swiss"]
[EventRounds "10"]
[EventCountry "ESP"]
[SourceTitle "Ajedrez en Madrid"]
[Source "lmi"]
[SourceDate "2017.08.18"]

1. Nf3 d5 2. g3 Nf6 3. Bg2 e6 4. O-O Be7 5. c4 O-O 6. d4 dxc4 7. Qc2 a6 8. Qxc4
b5 9. Qc2 Bb7 10. Bf4 Nc6 11. Nc3 Nb4 12. Qc1 c5 13. dxc5 Bxc5 14. a3 Nc6 15.
b4 Be7 16. Rd1 Qb6 17. Be3 Qc7 18. Ra2 Rfd8 19. h3 Rxd1+ 20. Nxd1 Nd5 21. Bd2
Nb6 22. Bf4 Qd7 23. Rd2 Qe8 24. Ne3 Rc8 25. Rc2 f6 26. g4 e5 27. Bg3 a5 28.
bxa5 Nxa5 29. g5 Rxc2 30. Qxc2 Qc8 31. Qb1 Qd7 32. gxf6 gxf6 33. Ng4 Nac4 34.
Nh6+ Kg7 35. Nf5+ Kh8 36. Nxe7 Qxe7 37. Qxb5 Qd8 38. Nxe5 fxe5 39. Bxb7 Qd1+
40. Kh2 Qxe2 41. Qe8+ Kg7 42. Qe7+ Kg8 43. a4 Qe1 44. Bc6 1-0

[Event "19. Open de Sants Hostafrancs 2017"]
[Site "Barcelona ESP"]
[Date "2017.08.18"]
[Round "1.45"]
[White "Grieve, Harry"]
[Black "Erdogdu, Mert"]
[Result "0-1"]
[WhiteElo "2050"]
[BlackElo "2415"]
[PlyCount "54"]
[EventDate "2017.08.18"]
[EventType "swiss"]
[EventRounds "10"]
[EventCountry "ESP"]
[SourceTitle "Ajedrez en Madrid"]
[Source "lmi"]
[SourceDate "2017.08.18"]

1. d4 Nf6 2. Bg5 e6 3. e4 h6 4. Bxf6 Qxf6 5. c3 d5 6. Nd2 Qd8 7. Ngf3 a6 8. Bd3
c5 9. O-O cxd4 10. Nxd4 Be7 11. exd5 Qxd5 12. Be4 Qc5 13. Qf3 Qc7 14. a4 O-O
15. Rfe1 Nd7 16. a5 Bg5 17. Bc2 Bxd2 18. Qd3 Nf6 19. Qxd2 e5 20. Nf5 Bxf5 21.
Bxf5 Rad8 22. Qe2 Rd5 23. c4 Rc5 24. Bd3 e4 25. Bxe4 Re8 26. Qf3 Rce5 27. Qf4
Nxe4 0-1

[Event "19. Open de Sants Hostafrancs 2017"]
[Site "Barcelona ESP"]
[Date "2017.08.18"]
[Round "1.46"]
[White "Garcia Martin, Marta"]
[Black "Vicient Calvo, Ramon"]
[Result "0-1"]
[WhiteElo "2411"]
[BlackElo "2048"]
[PlyCount "128"]
[EventDate "2017.08.18"]
[EventType "swiss"]
[EventRounds "10"]
[EventCountry "ESP"]
[SourceTitle "Ajedrez en Madrid"]
[Source "lmi"]
[SourceDate "2017.08.18"]

1. e4 e5 2. Nf3 Nc6 3. Bc4 Nf6 4. d3 Be7 5. O-O O-O 6. Re1 d6 7. a4 Na5 8. Ba2
c5 9. c3 Nc6 10. Na3 a6 11. Bd2 h6 12. h3 Be6 13. Bxe6 fxe6 14. b4 cxb4 15.
cxb4 Qe8 16. b5 Nd4 17. Nxd4 exd4 18. Qb3 Qf7 19. Rf1 Nd7 20. Qd1 Qg6 21. Qe2
Nc5 22. Nc4 Nb3 23. Rab1 Nxd2 24. Qxd2 Rf3 25. Kh2 Bg5 26. Qe2 Raf8 27. g3 Be3
28. Rb2 Bxf2 29. Qxf2 Rxf2+ 30. Rbxf2 Rxf2+ 31. Rxf2 axb5 32. axb5 d5 33. Nd6
dxe4 34. Nxe4 Qh5 35. Rb2 Qf3 36. Nf2 g5 37. g4 Kf7 38. Kg1 Ke7 39. Rc2 Kd8 40.
Rc4 Qe3 41. Kg2 e5 42. b6 Qd2 43. Rc5 Qb2 44. Rxe5 Qxb6 45. Rd5+ Kc7 46. Kg3
Qe6 47. Rc5+ Kb6 48. Rf5 Qd6+ 49. Kf3 Qc6+ 50. Kg3 Ka6 51. Ne4 Qc7+ 52. Kf3 b5
53. Rf6+ Ka5 54. Rd6 Qf7+ 55. Ke2 Qa2+ 56. Nd2 Qb2 57. Rxd4 b4 58. Ke3 Qc1 59.
Ke2 Qh1 60. Ne4 b3 61. Nc3 Qg2+ 62. Ke3 Qxh3+ 63. Kd2 Qh2+ 64. Ke3 Qe5+ 0-1

[Event "19. Open de Sants Hostafrancs 2017"]
[Site "Barcelona ESP"]
[Date "2017.08.18"]
[Round "1.47"]
[White "Riu Lopez, Daniel"]
[Black "Minko, Vladimir"]
[Result "1/2-1/2"]
[WhiteElo "2046"]
[BlackElo "2411"]
[PlyCount "41"]
[EventDate "2017.08.18"]
[EventType "swiss"]
[EventRounds "10"]
[EventCountry "ESP"]
[SourceTitle "Ajedrez en Madrid"]
[Source "lmi"]
[SourceDate "2017.08.18"]

1. e4 c5 2. Nc3 Nc6 3. Bb5 Nd4 4. Bc4 g6 5. Nf3 Bg7 6. Nxd4 cxd4 7. Qf3 e6 8.
Nb5 d6 9. Qa3 Ke7 10. c3 Qb6 11. Nxd4 Bxd4 12. cxd4 Qxd4 13. d3 Qc5 14. b4 Qh5
15. O-O Nf6 16. Bb2 Rd8 17. h3 b5 18. Qc3 e5 19. Bxb5 Bxh3 20. gxh3 Qxh3 21. f3
1/2-1/2

[Event "19. Open de Sants Hostafrancs 2017"]
[Site "Barcelona ESP"]
[Date "2017.08.18"]
[Round "1.48"]
[White "Salinas Herrera, Pablo"]
[Black "Badia Mas, Jordi"]
[Result "1-0"]
[WhiteElo "2411"]
[BlackElo "2046"]
[PlyCount "139"]
[EventDate "2017.08.18"]
[EventType "swiss"]
[EventRounds "10"]
[EventCountry "ESP"]
[SourceTitle "Ajedrez en Madrid"]
[Source "lmi"]
[SourceDate "2017.08.18"]

1. Nf3 d5 2. d4 e6 3. c4 c6 4. e3 f5 5. Bd3 Nf6 6. O-O Bd6 7. b3 Qe7 8. Bb2 O-O
9. Nc3 Ne4 10. Ne2 b6 11. Rc1 Bb7 12. Ne5 c5 13. f3 Nf6 14. Kh1 Nc6 15. Nf4
Rad8 16. Qe2 Nb4 17. Bb1 dxc4 18. bxc4 Nc6 19. Rcd1 Rfe8 20. Qf2 Qc7 21. Nxc6
Bxc6 22. dxc5 Bxc5 23. Bxf6 Rxd1 24. Rxd1 Qxf4 25. Bd4 Qd6 26. Bc2 Rd8 27. Qe1
Qc7 28. h3 Rd7 29. Kg1 Qd8 30. Qe2 Kf7 31. Bxc5 Rxd1+ 32. Bxd1 bxc5 33. Qc2 Qd7
34. Be2 Qd8 35. Qc3 Qc7 36. Kf2 Bb7 37. Qd2 Bc6 38. Qc3 Bb7 39. Bd1 Bc6 40. Bc2
Kf8 41. Qa3 Ba8 42. Bd3 Kf7 43. Be2 Kf6 44. Qc3+ Kf7 45. f4 Bc6 46. g4 Be4 47.
Kg3 Qb8 48. Qd2 Ke7 49. Qa5 Qb6 50. Qc3 Kf7 51. Qe5 Qa5 52. Kf2 Qb6 53. h4 a5
54. g5 Bb1 55. h5 h6 56. gxh6 gxh6 57. Qh8 e5 58. fxe5 Be4 59. Kg3 Qb4 60. Qf6+
Ke8 61. Kf2 Qb2 62. Qg6+ Kd8 63. Qd6+ Ke8 64. Qxc5 Qa1 65. Qc8+ Ke7 66. Qc7+
Kf8 67. Qd8+ Kf7 68. Qf6+ Ke8 69. c5 Qc3 70. Bb5+ 1-0

[Event "19. Open de Sants Hostafrancs 2017"]
[Site "Barcelona ESP"]
[Date "2017.08.18"]
[Round "1.49"]
[White "Lam, Sophie"]
[Black "Mu, Ke"]
[Result "1/2-1/2"]
[WhiteElo "2041"]
[BlackElo "2411"]
[PlyCount "61"]
[EventDate "2017.08.18"]
[EventType "swiss"]
[EventRounds "10"]
[EventCountry "ESP"]
[SourceTitle "Ajedrez en Madrid"]
[Source "lmi"]
[SourceDate "2017.08.18"]

1. e4 e6 2. d4 d5 3. exd5 exd5 4. Bd3 Nf6 5. Bg5 c5 6. dxc5 Bxc5 7. Qf3 Nbd7 8.
Qe2+ Be7 9. Nf3 O-O 10. O-O Nc5 11. Re1 Ne6 12. Bh4 Re8 13. Nbd2 a6 14. Nb3 Bd6
15. Qd2 Bf4 16. Qc3 Bd7 17. Rad1 g5 18. Bg3 Rc8 19. Qb4 Bxg3 20. hxg3 Qc7 21.
Qd2 h6 22. c3 Ba4 23. Bf5 Qb6 24. Nfd4 Red8 25. Bc2 Ng7 26. Qd3 Kf8 27. Qf3 Bd7
28. Nf5 Bxf5 29. Bxf5 Ne6 30. Bxe6 fxe6 31. Qe2 1/2-1/2